US President Middle Name Toss Up Quiz Stats

 Plays Quiz Updated Jan 20, 2017

Support Sporcle.
Go Orange.
Score 0/18 Timer 03:00
1 Play Today
Name Answer % Correct
A) Milano or B) Delano????
93.4%
A) Milhous or B) Flanders????
92.3%
A) Quincy or B) Jones????
91.4%
A) Calvin or B) Hobbes????
89.1%
A) Alan or B) Rickman????
86.4%
A) Hassan or B) Hussein????
86%
A) Jefferson or B) Lincoln????
85.9%
A) Wilson or B) Phillips????
84.5%
A) Rudolph or B) Donder????
83.1%
Name Answer % Correct
A) David or B) Solomon????
80.1%
A) Leonard or B) Howard????
79.3%
A) Duke or B) Earl????
78.2%
A) Fox or B) Knox????
75.3%
A) Patrick or B) Henry????
74.1%
A) Kermit or B) Grover????
71%
A) Gamaliel or B) Hillel????
70%
A) Abram or B) Isaac????
55.3%
A) Lewis or B) Clark????
48.9%

You're not logged in!

Compare scores with friends on all Sporcle quizzes.
OR
Log In
Forgot?

From the Vault

Divided Countries

by sproutcm

Someone must have put our countries of the world quiz through a paper shredder again.
Remove Ads.
Support Sporcle.
Get the best of Sporcle when you Go Orange. This ad-free experience offers more features, more stats, and more fun while also helping to support Sporcle. Thank you for becoming a member.

Show Comments

Extras

Top Quizzes Today


Score Distribution

Your Account Isn't Verified!

In order to create a playlist on Sporcle, you need to verify the email address you used during registration. Go to your Sporcle Settings to finish the process.

Report this User

Report this user for behavior that violates our Community Guidelines.

Details: